Through different eyes : (Record no. 189488)
[ view plain ]
| 000 -LEADER | |
|---|---|
| fixed length control field | 00779cam a2200229 a 4500 |
| 001 - CONTROL NUMBER | |
| control field | 2893652 |
| 003 - CONTROL NUMBER IDENTIFIER | |
| control field | BD-DhUL |
| 005 - DATE AND TIME OF LATEST TRANSACTION | |
| control field | 20170420115042.0 |
| 008 - FIXED-LENGTH DATA ELEMENTS--GENERAL INFORMATION | |
| fixed length control field | 870331s1987 mdu 000 0 eng |
| 010 ## - LIBRARY OF CONGRESS CONTROL NUMBER | |
| LC control number | 87001357 |
| 020 ## - INTERNATIONAL STANDARD BOOK NUMBER | |
| International Standard Book Number | 0917561392 |
| 040 ## - CATALOGING SOURCE | |
| Original cataloging agency | BD-DhUL |
| Transcribing agency | BD-DhUL |
| Modifying agency | BD-DhUL |
| 043 ## - GEOGRAPHIC AREA CODE | |
| Geographic area code | aw----- |
| -- | n-us--- |
| 050 00 - LIBRARY OF CONGRESS CALL NUMBER | |
| Classification number | DS63.2.U5 |
| Item number | B63 1987 |
| 082 00 - DEWEY DECIMAL CLASSIFICATION NUMBER | |
| Classification number | 327.56073 |
| Edition number | 19 |
| 100 1# - MAIN ENTRY--PERSONAL NAME | |
| Personal name | Bookbinder, Hyman Harry, |
| Dates associated with a name | 1916- |
| 245 10 - TITLE STATEMENT | |
| Title | Through different eyes : |
| Remainder of title | two leading Americans, a Jew and an Arab, debate U.S. policy in the Middle East / |
| Statement of responsibility, etc. | Hyman Bookbinder and James G. Abourezk; moderated by David K. Shipler. |
| 260 ## - PUBLICATION, DISTRIBUTION, ETC. (IMPRINT) | |
| Place of publication, distribution, etc. | Bethesda, Md. : |
| Name of publisher, distributor, etc. | Adler & Adler, |
| Date of publication, distribution, etc. | 1987. |
| 300 ## - PHYSICAL DESCRIPTION | |
| Extent | x, 312 p. ; |
| Dimensions | 25 cm. |
| 700 1# - ADDED ENTRY--PERSONAL NAME | |
| Personal name | Abourezk, James G., |
| Dates associated with a name | 1931- |
| 942 ## - ADDED ENTRY ELEMENTS (KOHA) | |
| Source of classification or shelving scheme | |
| Koha item type | Reference |
| Price effective from | Date last seen | Permanent Location | Not for loan | Date acquired | Source of classification or shelving scheme | Koha item type | Lost status | Withdrawn status | Source of acquisition | Collection code | Damaged status | Shelving location | Barcode | Current Location | Full call number |
|---|---|---|---|---|---|---|---|---|---|---|---|---|---|---|---|
| 2017-04-20 | 2017-04-20 | Dhaka University Library | Not For Loan | 0000-00-00 | Reference | Gift | Reference | American Studies Corner | 368486 | Dhaka University Library | 327.56073 |
